[Event "Moehnesee Cup-A 37th"]
[Site "Moehnesee"]
[Date "2011.09.03"]
[Round "4"]
[White "Heidler, Norbert Klaus"]
[Black "Fluechter, Gregor"]
[Result "0-1"]
[WhiteElo "2064"]
[BlackElo "1832"]
[PlyCount "60"]
[EventDate "2011.09.01"]
[EventType "swiss"]
[EventRounds "7"]
[EventCountry "GER"]
[SourceTitle "EXT 2013"]
[Source "ChessBase"]
[SourceDate "2012.11.22"]
[SourceVersion "1"]
[SourceVersionDate "2012.11.22"]
[SourceQuality "1"]

1. e4 c5 2. c4 e6 3. Nc3 Ne7 4. g3 d5 5. cxd5 exd5 6. d3 Nbc6 7. a3 dxe4 8. Nxe4 Ng6 9. Be3 Be7 10. Rc1 b6 11. f4 Bf6 12. Nxf6+ Qxf6 13. Bg2 Bb7 14. b4 cxb4 15. axb4 0-0 16. b5 Na5 17. Bxb7 Nxb7 18. Nf3 Rfe8 19. Qd2 Nc5 20. Rb1 Rad8 21. d4 Qf5 22. 0-0 Ne4 23. Qe1 Rc8 24. Rb2 Nc3 25. Ne5 f6 26. g4 Qe4 27. Nxg6 hxg6 28. Kf2 Nd5 29. Re2 Nxe3 30. Rxe3 Rc2+ 0-1